000
00308nam a22001337a 4500
008
230627b xxu||||| |||| 00| 0 eng d
020
_a
9250047916
082
_a
338.37
_b
FAO 2002
245
_a
Fishery Statistics
_b
Commodities
260
_b
FAO
_c
2002
300
_a
XI,206p
440
_v
91
942
_2
ddc
_c
BK
999
_c
2818
_d
2818